000 00700nam a2200241Ia 4500
003 OSt
005 20220918201007.0
006 a|||||r|||| 00| 0
007 ta
008 220917b |||||||| |||| 00| 0 eng d
024 _a91,131
037 _cTextual
040 _aARTS
_cARTS
_beng
041 _2eng
_aeng
082 _aU8.498, L9
100 _aThomson T
_996280
245 0 _aWestren Himalaya and Tibet
_b a narrative of a journey through the mountains of Northern India during the years 1847048
260 _aKathmandu
_bRathna
_c1979
300 _axv, 501p.
_ccm.
650 _aGEOGRAPHY
942 _hU8.498, L9
_cTEXL
_2CC
999 _c214791
_d214791